Films par emoji - Statistiques

Statistiques générales
  • Ce quiz a été pris 177 fois
  • Le résultat moyen est 4 sur 15
Statistiques - réponses
Hint Réponse % Correct
🧑🏻‍🦽🚶🏾‍♂️💪🏻🍫 Intouchables
77%
👯‍♀️🦢🩰 Black Swan
54%
🔪🩸😱 Scream
51%
🤫🐑 Le Silence des Agneaux
50%
👗💃🕺🌌 La la land
45%
🚬🔫👩🏻👃🏻🩸💃🕺 Pulp Fiction
37%
🇬🇷🌊⛵️👰🏼‍♀️🤵🏻🏨 Mamma Mia
29%
🏨🔪🛺🛁👭🏼🧒🏻 Shining
28%
🏄🏼‍♀️💄🙋🏼‍♀️🧜🏻‍♀️🙋🏼‍♀️🙋🏼‍♀️🌊 Barbie
16%
💃🕺🚗🏁🚬🥤👗 Grease
15%
🕶🧠📞🔐🐇 Matrix
11%
🕺💃🛵🎧 La Boum
9%
🦞🐕👫🏼 The Lobster
7%
😱🐻🌸🌼🩸 Midsommar
4%
🔫🩸💃🕺🎷 Chicago
0%
Aucun quiz correspondant
Distribution des résultats
% des personnes avec chaque résultat
Percentile par nombre de réponses
Votre historique - résultats
Vous n’avez pas pris ce quiz